000 00390nmm a2200145Ia 4500
008 251105s9999||||xx |||||||||||||||||und||
041 _aspa
100 _aBang, Herman
245 0 _aMikaël
264 _a[Madrid, España] :
_bEditorial Egales,
_c2019
300 _a256 páginas
650 _aOther narratives
856 _uhttps://public.digitaliapublishing.com/a/158424
942 _cCF
999 _c106645
_d106645